000 01204cam a2200289Ia 4500
008
020 _a0803114885 (hbk.)
049 _aMAIN
090 _aTA418.6EFF
245 0 0 _aEffects of radiation on materials :
_b16th international symposium /
_cArvin S. Kumar ... [et al.], editors.
260 _aPhiladelphia, PA :
_bASTM,
_cc1994.
300 _a1325 p. :
_bill. ;
_c24 cm.
440 _aSTP,
_x1050-7515 ;
_v1175
500 _a"ASTM publication code number (PCN) 04-011750-35."
500 _a"Contains papers presented at the symposium of the same name, held in Aurora, CO on 23-25 June, 1992"--Foreword.
504 _aIncludes bibliographical references and indexes.
650 0 _aMaterials
_xEffect of radiation on
_vCongresses.
700 1 _aKumar, A. S.
_q(Arvind S.)
710 2 _aASTM Committee E-10 on Nuclear Technology and Applications.
711 2 _aInternational Symposium on Effects of Radiation on Materials
_n(16th :
_d1992 :
_cAurora, Co.)
830 0 _aASTM special technical publication ;
_v1175.
907 _a.b10065829
_b18-01-06
_c17-04-03
003
005 20230123133241.0
040 _cNUST
942 _cBOOKS
_kTA418.6EFF
999 _c145351
_d145351